| 000 | 00366nam a2200133 i 4500 | ||
|---|---|---|---|
| 001 | bg | ||
| 100 | 1 | _aNIEMEYER, Gerhard | |
| 245 | 0 |
_aDie simulation von systemablauten mit hilfe von FORTRAN IV GPSS unt FORTRAN BASIS / _cGerhard Niemeyer. |
|
| 260 |
_aBerlin, _c1972. |
||
| 040 | _cBPK | ||
| 041 | _apol | ||
| 942 | _cKS | ||
| 008 | s pl f |000 0 pol | ||
| 999 |
_c25765 _d25765 |
||
| 856 |
_uhttp://koha.tu.koszalin.pl/cgi-bin/koha/opac-detail.pl?biblionumber=25765 _yKatalog online BPK |
||